| 000 | 00674nam a2200205 i 4500 | ||
|---|---|---|---|
| 001 | 33291 | ||
| 003 | ES-MaACL | ||
| 005 | 20250817062548.0 | ||
| 007 | t| | ||
| 008 | 030201s1980 sp ||||1| spa d | ||
| 100 | 1 |
_aBerga Casafont, Luis. _927916 |
|
| 245 | 1 | 0 |
_aEstudio del comportamiento reológico de la sangre humana _b: aplicación al flujo sanguíneo / _cLuis Berga Casafont. |
| 260 |
_aMadrid : _bFundación Juan March, _c[1980] |
||
| 300 |
_a47 p. ; _c21 cm. |
||
| 490 | 1 |
_aSerie universitaria ; _v137 |
|
| 710 | 2 |
_aFundación Juan March _94346 |
|
| 830 | 0 |
_aSerie universitaria ; _v137 _9180747 |
|
| 852 |
_aES-MaACL _jL-513 _bR.101237 |
||
| 999 |
_c33291 _d33291 |
||